Normal view
MARC view
- مبارز،منال عبد العال مؤلف/إسماعيل،سامح سعيد م.مشارك
Entry Personal Name
001 - CONTROL NUMBER
- control field: 42885
003 - CONTROL NUMBER IDENTIFIER
- control field: JO-AjAnu
005 - DATE AND TIME OF LATEST TRANSACTION
- control field: 20230606081119.0
008 - FIXED-LENGTH DATA ELEMENTS
- fixed length control field: 230606|| aca||aabn | a|a d
040 ## - CATALOGING SOURCE
- Original cataloging agency: JO-AjAnu
- Transcribing agency: JO-AjAnu
100 ## - HEADING--PERSONAL NAME
- Personal name: مبارز،منال عبد العال مؤلف/إسماعيل،سامح سعيد م.مشارك
670 ## - SOURCE DATA FOUND
- Source citation: Work cat.: (JO-AjAnu)21964: مبارز،منال عبد العال مؤلف/إسماعيل،سامح سعيد م.مشارك, author, تفريد التعليم والتعلم الذاتي